<?xml version="1.0" encoding="UTF-8"?>
<collection xmlns:xsi="http://www.w3.org/2001/XMLSchema-instance" xsi:schemaLocation="http://www.loc.gov/MARC21/slim http://www.loc.gov/standards/marcxml/schema/MARC21slim.xsd" xmlns="http://www.loc.gov/MARC21/slim">
 <record>
  <leader>00000cam a22000004i 4500</leader>
  <controlfield tag="001">UP-8027390931312519905</controlfield>
  <controlfield tag="003">Buklod</controlfield>
  <controlfield tag="005">20200616102321.0</controlfield>
  <controlfield tag="006">o--- |     ||   ||</controlfield>
  <controlfield tag="007">ta</controlfield>
  <controlfield tag="008">180829s2018    njum    r    a001 0|eng d</controlfield>
  <datafield tag="020" ind1=" " ind2=" ">
   <subfield code="a">9781119508595</subfield>
  </datafield>
  <datafield tag="020" ind1=" " ind2=" ">
   <subfield code="a">1119508592</subfield>
  </datafield>
  <datafield tag="035" ind1=" " ind2=" ">
   <subfield code="a">(iLib)UPCEB-00011920418</subfield>
  </datafield>
  <datafield tag="040" ind1=" " ind2=" ">
   <subfield code="a">DLC</subfield>
   <subfield code="b">eng</subfield>
   <subfield code="e">rda</subfield>
   <subfield code="c">DLC</subfield>
   <subfield code="d">OCLCF</subfield>
   <subfield code="d">OCLCO</subfield>
   <subfield code="d">YDX</subfield>
   <subfield code="d">NRC</subfield>
   <subfield code="d">CLO</subfield>
   <subfield code="d">YUS (emz)</subfield>
  </datafield>
  <datafield tag="041" ind1=" " ind2=" ">
   <subfield code="a">eng</subfield>
  </datafield>
  <datafield tag="042" ind1=" " ind2=" ">
   <subfield code="a">pcc</subfield>
  </datafield>
  <datafield tag="090" ind1=" " ind2="0">
   <subfield code="a">NA 2708</subfield>
   <subfield code="b">C45 2018</subfield>
  </datafield>
  <datafield tag="100" ind1="1" ind2=" ">
   <subfield code="a">Ching, Francis D.K.</subfield>
   <subfield code="d">1943-</subfield>
   <subfield code="e">author</subfield>
   <subfield code="e">illustrator.</subfield>
  </datafield>
  <datafield tag="245" ind1="1" ind2="0">
   <subfield code="a">Design drawing</subfield>
   <subfield code="c">Francis D.K. Ching ; with Steven P. Juroszek.</subfield>
  </datafield>
  <datafield tag="250" ind1=" " ind2=" ">
   <subfield code="a">Third edition.</subfield>
  </datafield>
  <datafield tag="264" ind1=" " ind2="1">
   <subfield code="a">Hoboken, New Jersey</subfield>
   <subfield code="b">John Wiley &amp; Sons, Inc.</subfield>
   <subfield code="c">c2018</subfield>
  </datafield>
  <datafield tag="300" ind1=" " ind2=" ">
   <subfield code="a">viii, 440 pages</subfield>
   <subfield code="b">illustrations</subfield>
   <subfield code="c">28 cm.</subfield>
  </datafield>
  <datafield tag="500" ind1=" " ind2=" ">
   <subfield code="a">Includes index.</subfield>
  </datafield>
  <datafield tag="500" ind1=" " ind2=" ">
   <subfield code="a">Mr. Noel San Pedro (Recommending faculty) - Bookfair 2019</subfield>
  </datafield>
  <datafield tag="505" ind1="0" ind2=" ">
   <subfield code="a">Drawing from observation. Line and shape -- Tone and texture -- Form and structure -- Space and depth -- Drawing systems. Pictorial systems -- Multiview drawings -- Paraline drawings -- Perspective drawings -- Drawing from the imagination. Speculative drawing -- Diagramming -- Drawing composition -- Presentation drawing.</subfield>
  </datafield>
  <datafield tag="520" ind1=" " ind2=" ">
   <subfield code="a">&quot;Sales handles - In Frank's distinctive graphic style, over 1500 hand drawings reinforce the concepts and lessons of each chapter - Expanded to include new exercises and examples that range in complexity - Features all-new digital drawing topics, such as, digital elevations and fabrication, hybrid floor plans, and hand to digital fluency - Includes access to a brand new website featuring videos of the author demonstrating freehand techniques in a step-by-step manner in studio and on location. Readers will gain a greater appreciation of the techniques presented in the book through the power of animation, video, and 3D models. Market description (Please include secondary markets) Students of Architecture, Interior Design, Landscape Architecture, and the Fine Arts (appropriate for use in focused drawing courses, or in Design Studio courses where drawing is an important component), Design Professionals who are interested in honing their design drawing skills.&quot;--</subfield>
   <subfield code="b">Provided by publisher.</subfield>
  </datafield>
  <datafield tag="650" ind1=" " ind2="0">
   <subfield code="a">Architectural drawing</subfield>
   <subfield code="x">Technique.</subfield>
  </datafield>
  <datafield tag="700" ind1="1" ind2=" ">
   <subfield code="a">Juroszek, Steven P.</subfield>
   <subfield code="e">author</subfield>
   <subfield code="e">illustrator.</subfield>
  </datafield>
  <datafield tag="776" ind1="0" ind2="8">
   <subfield code="i">Online version</subfield>
   <subfield code="a">Ching, Francis D. K., 1943- author, illustrator.</subfield>
   <subfield code="t">Design drawing</subfield>
   <subfield code="b">Third edition.</subfield>
   <subfield code="d">Hoboken, New Jersey : Wiley, 2019</subfield>
   <subfield code="z">9781119508533</subfield>
   <subfield code="w">(DLC)  2018042131.</subfield>
  </datafield>
  <datafield tag="905" ind1=" " ind2=" ">
   <subfield code="a">FO</subfield>
  </datafield>
  <datafield tag="852" ind1="0" ind2=" ">
   <subfield code="a">UPCEB</subfield>
   <subfield code="b">CEBU-LAHUG</subfield>
   <subfield code="h">NA 2708 C45 2018</subfield>
  </datafield>
  <datafield tag="942" ind1=" " ind2=" ">
   <subfield code="a">Book</subfield>
  </datafield>
 </record>
</collection>
